Research frontiers in fluid dynamics

Wedi'i Gadw mewn:
Manylion Llyfryddiaeth
Prif Awduron: Seeger, Raymond J (Awdur), Temple, G (Awdur)
Fformat: Llyfr
Iaith:Saesneg
Cyhoeddwyd: Nueva York Interscience 1965
Cyfres:Interscience Monographs and Texts in Physics and Astronomy, 15
Pynciau:
Tagiau: Ychwanegu Tag
Dim Tagiau, Byddwch y cyntaf i dagio'r cofnod hwn!

MARC

LEADER 00000nam a2200000 a 4500
001 UCN7289
003 CL-VaPUC
008 011018e19650000US |||||||||||||||||eng|d
082 0 4 |a 532.5  |b SEE  |2 21 
100 0 |a Seeger, Raymond J  |e author  |9 463188 
700 0 |a Temple, G  |e author  |9 463189 
245 1 0 |a Research frontiers in fluid dynamics 
300 |a 738 p 
942 |c BK 
945 |d 20011018 00:00:00  |a cmena 
260 |a Nueva York  |b Interscience  |c 1965 
650 0 |a Dinámica de fluidos  |9 260582 
650 0 |a Mecánica de fluidos   |9 259464 
650 0 |a Análisis numérico   |9 259387 
583 |a last modification  |c 20011018 00:00:00  |k Rodrigo Vera 
490 0 |a Interscience Monographs and Texts in Physics and Astronomy, 15 
999 |c 297686  |d 297684 
952 |0 0  |1 0  |4 0  |6 532_500000000000000_SEE_1965  |7 0  |8 A  |9 352622  |a BIBCUR  |b BIBCUR  |d 2019-11-21  |i 3581969  |l 2  |m 4  |o 532.5 SEE 1965  |p 3581969  |r 2025-04-22  |s 2022-11-11  |w 2019-11-21  |y BK  |k BCB